[Event "4NCL 2011-12"]
[Site "Hinckley ENG"]
[Date "2012.01.15"]
[Round "4.73"]
[White "Gara, Anita"]
[Black "Thorfinnsson, Bragi"]
[Result "0-1"]
[WhiteTitle "IM"]
[BlackTitle "IM"]
[WhiteElo "2340"]
[BlackElo "2421"]
[WhiteTeam "Cambridge University"]
[BlackTeam "Jutes of Kent"]
[WhiteFideId "709751"]
[BlackFideId "2300958"]
[EventDate "2011.11.12"]

1. e4 c5 2. Nf3 d6 3. c3 Nf6 4. h3 Nc6 5. Bd3 g6 6. Bc2 Bg7 7. d4 O-O 8. O-O
cxd4 9. cxd4 d5 10. e5 Ne8 11. Nc3 Nc7 12. a3 f6 13. exf6 exf6 14. Re1 Be6 15.
Bf4 Bf7 16. Bb3 Rc8 17. Qd3 a6 18. Re2 Na5 19. Ba2 b5 20. Rae1 Nc4 21. h4 Qd7
22. Bb1 Rfe8 23. Nd1 Rxe2 24. Rxe2 Re8 25. Ne3 Ne6 26. Bh2 f5 27. h5 Nd8 28. Ng5
Nc6 29. hxg6 hxg6 30. Nf3 Re4 31. Ne5 N6xe5 32. dxe5 Nxe5 33. Qd2 Rd4 34. Qa5
Nc4 35. Qe1 Nxe3 36. Rxe3 Bf6 37. Be5 Bxe5 38. Rxe5 Qd6 39. Re3 Rc4 40. Bd3 Rc8
41. Qd2 Qf6 42. Rh3 Re8 43. Qb4 Kg7 44. Qd2 Rh8 45. Rxh8 Kxh8 46. Qf4 Kg7 47. a4
bxa4 48. Qxa4 Qxb2 49. Qxa6 Qc1+ 50. Kh2 Qc7+ 51. Kg1 d4 52. Qb5 Kf6 53. Qa6+
Kg5 54. Qb5 Qe7 55. Qa5 Qd6 56. Qd2+ Qf4 57. Qb4 Qe5 58. Qf8 Bd5 59. f4+ Qxf4
60. Qd8+ Kg4 61. Qxd5 Qe3+ 62. Kh2 Qg3+ 63. Kh1 Qxd3 64. Qe6 Qf1+ 65. Kh2 Qf4+
66. Kh1 Qh6+ 0-1

[Event "4NCL 2011-12"]
[Site "Hinckley ENG"]
[Date "2012.01.15"]
[Round "4.74"]
[White "Thorfinnsson, Bjorn"]
[Black "Moskovic, David M"]
[Result "1-0"]
[WhiteTitle "IM"]
[BlackTitle "FM"]
[WhiteElo "2402"]
[BlackElo "2324"]
[WhiteTeam "Jutes of Kent"]
[BlackTeam "Cambridge University"]
[WhiteFideId "2300982"]
[BlackFideId "404535"]
[EventDate "2011.11.12"]

1. c4 Nf6 2. g3 g6 3. Bg2 d5 4. cxd5 Nxd5 5. Nc3 Nb6 6. Nf3 Bg7 7. O-O Nc6 8. a3
O-O 9. d3 Re8 10. Bg5 h6 11. Be3 e5 12. Rc1 Nd4 13. b4 c6 14. a4 Be6 15. b5 Bb3
16. Qd2 Bxa4 17. Nxa4 Nxa4 18. bxc6 bxc6 19. Qa2 Nb6 20. Bxd4 exd4 21. Rxc6 Nd5
22. Ng5 Re5 23. Nxf7 Kxf7 24. f4 Rh5 25. g4 Rh4 26. Bxd5+ Kf8 27. Qa3+ Qe7 28.
Qxe7+ Kxe7 29. Rxg6 1-0

[Event "4NCL 2011-12"]
[Site "Hinckley ENG"]
[Date "2012.01.15"]
[Round "4.75"]
[White "Bisby, Daniel L"]
[Black "Dickenson, Neil F"]
[Result "1-0"]
[WhiteTitle "FM"]
[BlackTitle "FM"]
[WhiteElo "2264"]
[BlackElo "2322"]
[WhiteTeam "Cambridge University"]
[BlackTeam "Jutes of Kent"]
[WhiteFideId "404586"]
[BlackFideId "401897"]
[EventDate "2011.11.12"]

1. e4 e6 2. d4 d5 3. e5 c5 4. c3 Nc6 5. Nf3 Bd7 6. Be2 Nge7 7. O-O Ng6 8. Bg5 f6
9. exf6 gxf6 10. Be3 c4 11. b3 b5 12. a4 a6 13. Na3 Na5 14. Nd2 Bg7 15. f4 O-O
16. f5 exf5 17. Bf3 Bc6 18. Nc2 Re8 19. Bf2 Bh6 20. bxc4 bxc4 21. Nb4 Bb7 22.
Ra2 Qd7 23. Qc2 Re7 24. Rd1 Kh8 25. Nf1 Rg8 26. Re1 Rxe1 27. Bxe1 Nb3 28. a5 Qe6
29. Qe2 Qd6 30. Qd1 Re8 31. Bf2 Qd7 32. Kh1 f4 33. Nd2 Nxd2 34. Rxd2 Bf8 35. Rb2
Ne7 36. Bh5 Ng6 37. Qb1 f5 38. Nc2 Bc8 39. Rb6 Qa4 40. Ne1 Qxa5 41. Nf3 Qxc3 42.
Ne5 Nxe5 43. Bxe8 Nd3 44. Bh4 Kg8 45. Rc6 Qb3 46. Qf1 Bb7 47. Rc7 Bd6 48. Rd7
Qb6 49. Bf7+ Kf8 50. Bh5 h6 51. Bf6 Kg8 52. Rg7+ Kf8 53. Rh7 1-0

[Event "4NCL 2011-12"]
[Site "Hinckley ENG"]
[Date "2012.01.15"]
[Round "4.78"]
[White "Wilson, Alexandra"]
[Black "Churm, Rohan M"]
[Result "0-1"]
[WhiteTitle "WFM"]
[WhiteElo "2040"]
[BlackElo "2161"]
[WhiteTeam "Jutes of Kent"]
[BlackTeam "Cambridge University"]
[WhiteFideId "411000"]
[BlackFideId "405566"]
[EventDate "2011.11.12"]

1. e4 e5 2. Nf3 Nc6 3. Bb5 Bc5 4. O-O Nf6 5. c3 O-O 6. d4 Bb6 7. dxe5 Nxe4 8.
Qc2 d5 9. exd6 Nxd6 10. Bd3 h6 11. Bf4 Bg4 12. Nbd2 Qf6 13. Bxd6 Qxd6 14. h3 Be6
15. Nc4 Qf4 16. Nxb6 axb6 17. Be4 Ra5 18. Rfe1 Rd8 19. a3 Raa8 20. Bxc6 bxc6 21.
Nd4 Bd7 22. Re3 c5 23. Rf3 Qe5 24. Nf5 Re8 25. Rd1 Ba4 26. b3 Bc6 27. Rg3 Be4
28. Nxh6+ Kh7 29. Qc1 gxh6 30. f4 Qe7 31. Re1 f5 32. Qd1 Rg8 0-1

[Event "4NCL 2011-12"]
[Site "Hinckley ENG"]
[Date "2012.01.15"]
[Round "4.81"]
[White "Sarakauskas, Gediminas"]
[Black "Zakarian, David"]
[Result "1-0"]
[WhiteTitle "IM"]
[WhiteElo "2403"]
[BlackElo "2379"]
[WhiteTeam "Guildford 1"]
[BlackTeam "Oxford"]
[WhiteFideId "12800724"]
[BlackFideId "13301276"]
[EventDate "2011.11.12"]

1. d4 Nf6 2. g3 g6 3. Bg2 Bg7 4. e4 d6 5. Nc3 O-O 6. Nge2 e5 7. h3 Nc6 8. Be3
Nd7 9. O-O Nb6 10. dxe5 Nxe5 11. Bd4 c5 12. Be3 Be6 13. Qc1 Qd7 14. Kh2 Nbc4 15.
Bh6 Bxh6 16. Qxh6 f5 17. b3 Nb6 18. a4 Qe7 19. a5 Nbd7 20. Rad1 Nf6 21. Qd2 Rad8
22. exf5 Bxf5 23. f4 Nf7 24. Rfe1 Qd7 25. g4 Bxg4 26. hxg4 Qxg4 27. Qd3 Qh4+ 28.
Kg1 Ng4 29. Qg3 Qh5 30. Rd5 Nfe5 31. fxe5 Nxe5 32. Ne4 Rf5 33. Nf4 Qh6 34. Ne6
Rd7 35. Nxd6 1-0

[Event "4NCL 2011-12"]
[Site "Hinckley ENG"]
[Date "2012.01.15"]
[Round "4.82"]
[White "Rose, Matthew"]
[Black "Plat, Vojtech"]
[Result "1/2-1/2"]
[BlackTitle "IM"]
[WhiteElo "2282"]
[BlackElo "2425"]
[WhiteTeam "Oxford"]
[BlackTeam "Guildford 1"]
[WhiteFideId "407941"]
[BlackFideId "325740"]
[EventDate "2011.11.12"]

1. e4 c5 2. c3 g6 3. d4 cxd4 4. cxd4 Bg7 5. Nc3 d6 6. h3 Nf6 7. Nf3 O-O 8. Bd3
Nc6 9. O-O d5 10. e5 Ne8 11. Re1 Nc7 12. Be3 f5 13. exf6 exf6 14. Rc1 f5 15. Qd2
Ne6 16. Bh6 Re8 17. Nxd5 Qxd5 18. Bc4 Qd6 19. Bxg7 Kxg7 20. d5 Nc7 21. Qc3+ Qf6
22. Rxe8 Qxc3 23. Rxc3 Nxe8 24. dxc6 bxc6 25. Ne5 Bb7 26. Be2 Rd8 27. Bf3 Rd2
28. Rb3 Nd6 29. Nxc6 Kf6 30. Nxa7 Bxf3 31. gxf3 Nc4 32. Nc6 Nxb2 33. Nb4 Kg5 34.
f4+ Kh4 35. Kg2 h6 36. a3 g5 37. fxg5 hxg5 38. Rf3 f4 39. Rb3 Nc4 40. Nd3 Rd1
41. Rb8 Kh5 42. Nb2 Nxb2 43. Rxb2 Ra1 44. Rb3 g4 45. Rb5+ Kh4 46. hxg4 Kxg4 47.
Ra5 Ra2 48. Ra4 Rb2 49. Ra8 Ra2 1/2-1/2

[Event "4NCL 2011-12"]
[Site "Hinckley ENG"]
[Date "2012.01.15"]
[Round "4.83"]
[White "Ciuksyte, Dagne"]
[Black "Eckersley-Waites, Tom"]
[Result "1-0"]
[WhiteTitle "IM"]
[WhiteElo "2327"]
[BlackElo "2276"]
[WhiteTeam "Guildford 1"]
[BlackTeam "Oxford"]
[WhiteFideId "12800619"]
[BlackFideId "412449"]
[EventDate "2011.11.12"]

1. e4 e5 2. Nf3 Nc6 3. Bb5 a6 4. Ba4 Nf6 5. O-O Be7 6. Re1 b5 7. Bb3 d6 8. c3
O-O 9. h3 Qd7 10. a3 Re8 11. d4 Bb7 12. Ba2 Nd8 13. d5 c6 14. c4 bxc4 15. Bxc4
cxd5 16. exd5 e4 17. Ng5 Rc8 18. b3 Qf5 19. Nc3 Nxd5 20. Nxf7 Rxc4 21. Nxd5 Qxd5
22. Nh6+ gxh6 23. Qg4+ Kf7 24. bxc4 Qe6 25. Qh5+ Qg6 26. Qxh6 Rg8 27. Qxg6+ Rxg6
28. Be3 Nc6 29. Rab1 Bc8 30. Kh2 Be6 31. Rb6 Ne5 32. Rxa6 Bxc4 33. Ra7 Bd3 34.
a4 Nc4 35. Bd4 Nd2 36. a5 Nb3 37. Bc3 Rg5 38. f3 Ke6 39. fxe4 Bd8 40. a6 Ba5 41.
Bxa5 Rxa5 42. Rxh7 Rxa6 43. Rh6+ Ke5 44. Rh5+ Kd4 45. e5 dxe5 46. Rhxe5 Nd2 47.
h4 Rh6 48. Kh3 Be4 49. Re8 Rd6 50. g4 Bd5 51. g5 Ne4 52. Kg4 Nf2+ 53. Kg3 Ne4+
54. Kf4 Nf2 55. R1e2 Nd3+ 56. Kg4 Bc6 57. R8e7 Bd7+ 58. Kg3 Bf5 59. h5 Rd5 60.
g6 Bxg6 61. hxg6 Rg5+ 62. Kf3 Rxg6 63. Rd7+ Kc4 64. Re4+ 1-0

[Event "4NCL 2011-12"]
[Site "Hinckley ENG"]
[Date "2012.01.15"]
[Round "4.84"]
[White "Dickinson, Tim R"]
[Black "Wall, Gavin"]
[Result "0-1"]
[BlackTitle "IM"]
[WhiteElo "2152"]
[BlackElo "2330"]
[WhiteTeam "Oxford"]
[BlackTeam "Guildford 1"]
[WhiteFideId "405728"]
[BlackFideId "2501244"]
[EventDate "2011.11.12"]

1. e4 e5 2. Nf3 d6 3. Bc4 Be7 4. O-O Nf6 5. Nc3 Bg4 6. h3 Bh5 7. d3 Nc6 8. Ne2
Bxf3 9. gxf3 d5 10. Bb3 Qd7 11. Kh2 O-O-O 12. Ng3 Nd4 13. f4 dxe4 14. fxe5 Nf3+
15. Kg2 Nxe5 16. Qe2 Nxd3 17. cxd3 exd3 18. Qe3 Qc6+ 19. Kh2 Bc5 20. Qf4 Kb8 21.
Bd2 Rd4 22. Qg5 h6 23. Qxg7 Rh7 0-1

[Event "4NCL 2011-12"]
[Site "Hinckley ENG"]
[Date "2012.01.15"]
[Round "4.86"]
[White "White, Michael J R"]
[Black "Osborne, Marcus E"]
[Result "1-0"]
[WhiteTitle "FM"]
[WhiteElo "2214"]
[BlackElo "2246"]
[WhiteTeam "Oxford"]
[BlackTeam "Guildford 2"]
[WhiteFideId "407380"]
[BlackFideId "404608"]
[EventDate "2011.11.12"]

1. e4 c5 2. Nf3 Nc6 3. d4 cxd4 4. Nxd4 g6 5. c4 Bg7 6. Nc2 b6 7. Be2 Ba6 8. O-O
Rc8 9. Nba3 Nf6 10. f3 O-O 11. Bg5 Qc7 12. Qd2 e6 13. Rac1 Ne7 14. Nb4 Bb7 15.
Nb5 Qb8 16. Nd6 Rc5 17. Nxb7 Qxb7 18. Nd3 Rxg5 19. Qxg5 d6 20. Kh1 Nc6 21. e5
dxe5 22. Nxe5 Ne4 23. fxe4 Bxe5 24. b4 Qb8 25. c5 Nd4 26. Ba6 Bxh2 27. c6 b5 28.
Qc5 Qd8 29. c7 Qh4 30. Qxf8+ Kxf8 31. c8=Q+ Kg7 32. Rxf7+ Kxf7 33. Qd7+ Kf6 34.
Qd8+ 1-0

[Event "4NCL 2011-12"]
[Site "Hinckley ENG"]
[Date "2012.01.15"]
[Round "4.87"]
[White "Thompson, Ian D"]
[Black "Rawlinson, Christopher J A"]
[Result "0-1"]
[WhiteTitle "FM"]
[WhiteElo "2281"]
[BlackElo "2055"]
[WhiteTeam "Guildford 2"]
[BlackTeam "Oxford"]
[WhiteFideId "405205"]
[BlackFideId "410381"]
[EventDate "2011.11.12"]

1. Nf3 e6 2. g3 d5 3. Bg2 f5 4. b3 Nf6 5. Bb2 Bd6 6. c4 c6 7. O-O O-O 8. d3 Nbd7
9. e3 Qc7 10. Nc3 Ne5 11. Nxe5 Bxe5 12. Qd2 Rd8 13. Rfe1 Bd7 14. e4 dxe4 15.
dxe4 Be8 16. Qc2 f4 17. Ne2 Bxb2 18. Qxb2 e5 19. gxf4 exf4 20. e5 Nh5 21. Nd4
Qe7 22. Rad1 f3 23. Nxf3 Nf4 24. Qc3 Rxd1 0-1

[Event "4NCL 2011-12"]
[Site "Hinckley ENG"]
[Date "2012.01.15"]
[Round "4.88"]
[White "Miranda Gonzalez, Nicole"]
[Black "Granat, Russell G"]
[Result "0-1"]
[WhiteElo "2027"]
[BlackElo "2213"]
[WhiteTeam "Oxford"]
[BlackTeam "Guildford 2"]
[WhiteFideId "3405770"]
[BlackFideId "401714"]
[EventDate "2011.11.12"]

1. e4 Nc6 2. d4 e5 3. Nf3 exd4 4. Nxd4 Bc5 5. Be3 Qf6 6. c3 Nge7 7. Bc4 Ne5 8.
Be2 Qg6 9. Bf3 a6 10. Nd2 Nxf3+ 11. Qxf3 d6 12. h3 Bd7 13. O-O O-O 14. Kh1 Rae8
15. b4 Bxd4 16. cxd4 f5 17. exf5 Rxf5 18. Qe2 Bb5 19. Qd1 Nd5 20. Rg1 Nxe3 21.
fxe3 Rxe3 22. Nf3 Bc6 23. Qd2 Qh6 24. Rae1 Rfxf3 25. gxf3 Qxh3+ 26. Qh2 Bxf3+ 0-1

[Event "4NCL 2011-12"]
[Site "Sunningdale ENG"]
[Date "2012.02.11"]
[Round "5.12"]
[White "Griffiths, Ryan Rhys"]
[Black "Howell, David W L"]
[Result "0-1"]
[WhiteTitle "FM"]
[BlackTitle "GM"]
[WhiteElo "2310"]
[BlackElo "2633"]
[WhiteTeam "Barbican 4NCL 2"]
[BlackTeam "Wood Green Hilsmark 1"]
[WhiteFideId "2502054"]
[BlackFideId "410608"]
[EventDate "2011.11.12"]

1. c4 Nf6 2. g3 e5 3. Bg2 d5 4. cxd5 Nxd5 5. Nc3 Nb6 6. e3 c5 7. Nge2 Nc6 8. O-O
Be7 9. f4 exf4 10. Nxf4 O-O 11. b3 Bf5 12. Bb2 Qd7 13. Ne4 Rad8 14. Rf2 Nb4 15.
Qf1 Bg6 16. Nxg6 hxg6 17. d4 cxd4 18. exd4 N6d5 19. Nc5 Qc7 20. a3 Ne3 21. Qb5
Bxc5 22. Rc1 Qd7 23. Rxc5 Nxg2 24. Qxb4 Ne3 25. d5 f6 26. Qe4 Nf5 27. Qe6+ Rf7
28. Rfc2 Qxe6 29. dxe6 Re7 30. Re2 Rde8 31. Kf2 Rxe6 32. Rxe6 Rxe6 33. Rc7 Rb6
34. b4 a5 35. g4 Nd6 36. Bd4 Ra6 37. Bc5 Ne4+ 38. Ke3 Nxc5 39. Rc8+ Kf7 40. Rxc5
axb4 41. axb4 Re6+ 42. Kd4 Rd6+ 43. Ke4 Rc6 44. Rb5 b6 45. h4 Ke6 46. h5 g5 47.
Kd4 Rd6+ 48. Ke4 Kf7 49. Ke3 Re6+ 50. Kd4 g6 51. hxg6+ Kxg6 52. Kd3 Re1 53. Rxb6
Rg1 54. Re6 Rxg4 55. Re4 Rxe4 56. Kxe4 Kf7 57. Kd5 Ke7 58. Kc6 Kd8 0-1

[Event "4NCL 2011-12"]
[Site "Sunningdale ENG"]
[Date "2012.02.11"]
[Round "5.13"]
[White "Rowson, Jonathan"]
[Black "Berry, Neil"]
[Result "1-0"]
[WhiteTitle "GM"]
[BlackTitle "FM"]
[WhiteElo "2581"]
[BlackElo "2312"]
[WhiteTeam "Wood Green Hilsmark 1"]
[BlackTeam "Barbican 4NCL 1"]
[WhiteFideId "2400561"]
[BlackFideId "2400650"]
[EventDate "2011.11.12"]

1. d4 d5 2. c4 e6 3. Nc3 Be7 4. g4 dxc4 5. Nf3 c5 6. Be3 Nf6 7. dxc5 Nc6 8.
Qxd8+ Bxd8 9. g5 Nd5 10. Bd2 Nxc3 11. Bxc3 O-O 12. e3 Be7 13. Bxc4 Bxc5 14. Rd1
b6 15. Ke2 a5 16. a3 Ba6 17. Bxa6 Rxa6 18. Rd7 Raa8 19. h4 Rfd8 20. Rhd1 Rxd7
21. Rxd7 Rc8 22. h5 Be7 23. Rb7 Bd8 24. g6 hxg6 25. hxg6 Rc7 26. Rxb6 fxg6 27.
Ra6 Bf6 28. Nd4 Bxd4 29. exd4 Kf7 30. Kd3 Ke7 31. Bxa5 Nxa5 32. Rxa5 Rc1 33. Rc5
Rb1 34. Rc2 Kd6 35. Kc4 e5 36. dxe5+ Kxe5 37. a4 Kd6 38. Kb5 g5 39. b4 Re1 40.
a5 Re8 41. a6 Ra8 42. Rc5 g4 43. Rg5 1-0

[Event "4NCL 2011-12"]
[Site "Sunningdale ENG"]
[Date "2012.02.11"]
[Round "5.14"]
[White "Rogers, Jonathan W"]
[Black "Gordon, Stephen J"]
[Result "1/2-1/2"]
[WhiteTitle "FM"]
[BlackTitle "GM"]
[WhiteElo "2349"]
[BlackElo "2535"]
[WhiteTeam "Barbican 4NCL 2"]
[BlackTeam "Wood Green Hilsmark 1"]
[WhiteFideId "402052"]
[BlackFideId "411477"]
[EventDate "2011.11.12"]

1. d4 Nf6 2. c4 e6 3. g3 c5 4. Nf3 cxd4 5. Nxd4 Bb4+ 6. Bd2 Bc5 7. Nb3 Be7 8.
Bg2 Qc7 9. Na3 O-O 10. c5 Bxc5 11. Rc1 Bxf2+ 12. Kxf2 Ng4+ 13. Ke1 Qb6 14. Rc5
d6 15. Nc4 Qa6 16. Rc7 d5 17. Ne3 Ne5 18. Rc2 Nbc6 19. Bc3 Qxa2 20. Nd4 Qa6 21.
Rf1 b5 22. Nxd5 exd5 23. Nxc6 Nxc6 24. Qxd5 Bb7 25. Qg5 f6 26. Bd5+ Kh8 27. Rxf6
Rxf6 28. Bxf6 Qa5+ 29. Rc3 Rg8 30. Bxg8 gxf6 31. Qxf6+ Kxg8 32. Qe6+ Kg7 33.
Qd7+ Kh6 34. Qxb7 Ne5 35. Kf2 Qb4 36. Qxa7 Ng4+ 37. Kg1 Qxb2 38. Qd4 Qxe2 39.
Qf4+ Kg6 40. Rf3 Qxh2+ 41. Kf1 h5 42. Qf5+ Kh6 43. Qf4+ Kg6 44. Qf5+ Kh6 45.
Qf4+ Kg6 1/2-1/2

[Event "4NCL 2011-12"]
[Site "Sunningdale ENG"]
[Date "2012.02.11"]
[Round "5.17"]
[White "Arakhamia-Grant, Ketevan"]
[Black "Franklin, Samuel G A"]
[Result "1/2-1/2"]
[WhiteTitle "GM"]
[WhiteElo "2443"]
[BlackElo "2179"]
[WhiteTeam "Wood Green Hilsmark 1"]
[BlackTeam "Barbican 4NCL 2"]
[WhiteFideId "13600168"]
[BlackFideId "468576"]
[EventDate "2011.11.12"]

1. e4 e5 2. Nf3 Nc6 3. Bb5 a6 4. Ba4 Nf6 5. O-O b5 6. Bb3 Bc5 7. c3 d6 8. a4 Rb8
9. d4 Bb6 10. h3 O-O 11. Re1 Bb7 12. axb5 axb5 13. Na3 exd4 14. cxd4 Na5 15. Bc2
b4 16. Nb1 h6 17. Nbd2 Re8 18. b3 d5 19. e5 Ne4 20. Nxe4 dxe4 21. Bxe4 Bxe4 22.
Rxe4 Qd5 23. Rg4 Re6 24. Be3 Rd8 25. Rb1 c5 26. Qc2 cxd4 27. Bxd4 Rc6 28. Qb2 h5
29. Rf4 Bc7 30. Qe2 Nxb3 31. Bb2 Nd2 32. Nxd2 Qxd2 33. Qf3 Qd5 34. Rxf7 Qxf7 35.
Qxc6 Rd2 36. Qa8+ Kh7 37. Qe4+ g6 38. Qe3 Qd5 39. Rc1 Bd8 40. Rc5 Rd1+ 41. Kh2
Qe6 42. Qf3 Rd2 43. Qb7+ Rd7 44. Qe4 Be7 45. Rc6 Rd6 46. Rxd6 Bxd6 47. Qb7+ Be7
48. Kg1 Kg7 49. Bd4 Kf8 50. Qf3+ Kg8 51. Qd3 Kf7 52. Kf1 Qd5 53. Qf3+ Qxf3 54.
gxf3 Ke6 1/2-1/2

[Event "4NCL 2011-12"]
[Site "Sunningdale ENG"]
[Date "2012.02.11"]
[Round "5.18"]
[White "Regan, Natasha K"]
[Black "Trent, Lawrence"]
[Result "0-1"]
[WhiteTitle "WIM"]
[BlackTitle "IM"]
[WhiteElo "2096"]
[BlackElo "2433"]
[WhiteTeam "Barbican 4NCL 2"]
[BlackTeam "Wood Green Hilsmark 2"]
[WhiteFideId "403067"]
[BlackFideId "408638"]
[EventDate "2011.11.12"]

1. e4 e5 2. Nf3 Nc6 3. Bb5 Bc5 4. c3 Nf6 5. O-O O-O 6. d4 Bb6 7. dxe5 Nxe4 8.
Qc2 d5 9. exd6 Nxd6 10. Bd3 h6 11. Nbd2 Qf6 12. Ne4 Nxe4 13. Bxe4 Bg4 14. Re1
Rfe8 15. Be3 Bxf3 16. Bxf3 Bxe3 17. fxe3 Rab8 18. Rad1 Ne5 19. Bd5 Qg5 20. Qf2
Re7 21. Qf4 Ng4 22. Qxg5 hxg5 23. Bf3 Ne5 24. Rd4 c6 25. a4 Rbe8 26. Kf2 f5 27.
b4 g6 28. g3 f4 29. exf4 Ng4+ 30. Bxg4 Rxe1 31. fxg5 R1e4 32. Rxe4 Rxe4 33. Kf3
Re1 34. h4 Kf7 35. Bc8 b6 36. Bb7 Rc1 37. g4 Rxc3+ 38. Kf4 Rc4+ 39. Kf3 Kg7 40.
h5 a5 41. bxa5 bxa5 42. h6+ Kh7 43. Ba8 Rxa4 44. Bxc6 Rb4 45. Bd7 a4 46. Bxa4
Rxa4 0-1

[Event "4NCL 2011-12"]
[Site "Sunningdale ENG"]
[Date "2012.02.11"]
[Round "5.21"]
[White "Jirka, Jiri"]
[Black "Hunt, Adam C"]
[Result "1-0"]
[WhiteTitle "IM"]
[BlackTitle "IM"]
[WhiteElo "2415"]
[BlackElo "2458"]
[WhiteTeam "The AD's"]
[BlackTeam "Blackthorne Russia"]
[WhiteFideId "311731"]
[BlackFideId "403970"]
[EventDate "2011.11.12"]

1. d4 Nf6 2. c4 g6 3. g3 Bg7 4. Bg2 d5 5. cxd5 Nxd5 6. Nf3 Nb6 7. Nc3 Nc6 8. e3
O-O 9. O-O Re8 10. Re1 a5 11. Qe2 Be6 12. Nd2 Nb4 13. Rd1 c6 14. a3 N4d5 15.
Nce4 Bf5 16. Nc5 e5 17. e4 exd4 18. Ndb3 Bc8 19. Qc2 Nc7 20. Be3 Qe7 21. Nxd4
Nd7 22. Na4 Ra6 23. Rac1 Nf6 24. Bf4 Nh5 25. Be3 Nf6 26. f3 Ne6 27. Nxe6 Bxe6
28. Bc5 Qc7 29. Bd6 Qc8 30. Bf1 b5 31. Nc5 Ra8 32. Nxe6 Qxe6 33. Bc7 Bh6 34. Rb1
Qe7 35. Bb6 Nd7 36. Bf2 Ne5 37. Be2 Qe6 38. f4 Ng4 39. Bd4 Nf6 40. e5 Nd5 41.
Bf3 Rac8 42. Bf2 Red8 43. Qe2 Bg7 44. Rd2 Rb8 45. Rc1 b4 46. Rdc2 bxa3 47. bxa3
Ne7 48. Rc5 a4 49. R5c4 Rb3 50. Rxa4 Rbd3 51. Bb6 Qb3 52. Bxd8 Rxd8 53. Rd1 Nd5
54. Ra6 Bf8 55. Bxd5 Bc5+ 56. Kg2 cxd5 57. e6 d4 58. exf7+ Kxf7 59. Rd3 Qb7+ 60.
Rf3 d3 61. Qe6+ Kf8 62. Qf6+ Ke8 63. Re6+ Be7 64. Qh8+ Kf7 65. Rxe7+ Qxe7 66.
Qxh7+ Kf6 67. Qxe7+ Kxe7 68. Rf1 Kd6 69. Kf3 Kc5 70. Ke3 Kc4 71. Rc1+ Kb3 72.
Kd2 Kxa3 73. Rc3+ Kb4 74. Rxd3 Rh8 75. h4 Kc5 76. Ke3 Kc4 77. Rd6 1-0

[Event "4NCL 2011-12"]
[Site "Sunningdale ENG"]
[Date "2012.02.11"]
[Round "5.22"]
[White "Bates, Richard A"]
[Black "Cernousek, Lukas"]
[Result "0-1"]
[WhiteTitle "IM"]
[BlackTitle "IM"]
[WhiteElo "2386"]
[BlackElo "2438"]
[WhiteTeam "Blackthorne Russia"]
[BlackTeam "The AD's"]
[WhiteFideId "403555"]
[BlackFideId "311707"]
[EventDate "2011.11.12"]

1. d4 Nf6 2. Nf3 g6 3. g3 d5 4. Bg2 Bg7 5. c4 dxc4 6. O-O O-O 7. Na3 c3 8. bxc3
c5 9. e3 Nc6 10. Qe2 Bg4 11. Rd1 Qc8 12. Nc4 Qf5 13. Bb2 Rad8 14. a4 Ne4 15.
Rac1 Qh5 16. Ba3 Rd5 17. h3 Bxh3 18. Qc2 Bxg2 19. Kxg2 Qg4 20. Ncd2 Rh5 21. Rh1
Rxh1 22. Rxh1 Nxd2 23. Nxd2 cxd4 24. cxd4 Rd8 25. Qe4 Qxe4+ 26. Nxe4 e5 27. dxe5
Bxe5 28. Rb1 Rd3 29. Bc1 b6 30. Kf1 f5 31. Nd2 Rc3 32. Ke2 Rc2 33. Kd3 Ra2 34.
Kc4 Na5+ 35. Kb4 Rc2 36. Nb3 Bd6+ 0-1

[Event "4NCL 2011-12"]
[Site "Sunningdale ENG"]
[Date "2012.02.11"]
[Round "5.23"]
[White "Richardson, John R"]
[Black "Hunt, Harriet V"]
[Result "1-0"]
[WhiteTitle "FM"]
[BlackTitle "IM"]
[WhiteElo "2331"]
[BlackElo "2454"]
[WhiteTeam "The AD's"]
[BlackTeam "Blackthorne Russia"]
[WhiteFideId "401617"]
[BlackFideId "403512"]
[EventDate "2011.11.12"]

1. d4 Nf6 2. c4 e6 3. Nc3 Bb4 4. e3 b6 5. Ne2 Ne4 6. Qc2 Bb7 7. a3 Bxc3+ 8. Nxc3
Nxc3 9. Qxc3 O-O 10. b4 d6 11. Bb2 Qh4 12. d5 e5 13. Bd3 c6 14. dxc6 Nxc6 15.
O-O Ne7 16. f4 f6 17. c5 Rac8 18. Qb3+ Bd5 19. Bc4 Bxc4 20. Qxc4+ d5 21. Qa6 Nf5
22. Qd3 Ne7 23. fxe5 fxe5 24. Bxe5 bxc5 25. bxc5 Rxf1+ 26. Rxf1 Rxc5 27. Qa6 Rc6
28. Qxa7 h6 29. Qb8+ Nc8 30. Qb7 Ne7 31. Qa8+ Rc8 32. Qb7 Rc2 33. Qb8+ Nc8 34.
Qb4 Qxb4 35. axb4 Nb6 36. Bd4 Nc4 37. b5 Re2 38. b6 Nxe3 39. b7 1-0

[Event "4NCL 2011-12"]
[Site "Sunningdale ENG"]
[Date "2012.02.11"]
[Round "5.24"]
[White "Ledger, Andrew J"]
[Black "Snape, Ian L"]
[Result "0-1"]
[WhiteTitle "IM"]
[WhiteElo "2424"]
[BlackElo "2231"]
[WhiteTeam "Blackthorne Russia"]
[BlackTeam "The AD's"]
[WhiteFideId "400610"]
[BlackFideId "404489"]
[EventDate "2011.11.12"]

1. Nf3 Nf6 2. c4 g6 3. g3 Bg7 4. Bg2 O-O 5. O-O d6 6. d4 Nc6 7. Nc3 Bf5 8. d5
Na5 9. Nd2 Ng4 10. e4 Bd7 11. h3 Nh6 12. Qe2 c6 13. Nf3 cxd5 14. cxd5 Rc8 15.
Bf4 Nc4 16. Rac1 f5 17. Rfe1 Nf7 18. exf5 Bxf5 19. Ng5 Nxg5 20. Bxg5 Ne5 21. g4
Bd3 22. Qe3 Ba6 23. Rcd1 Bf6 24. Bxf6 exf6 25. Bf1 Bxf1 26. Kxf1 a6 27. b3 f5
28. Ne2 fxg4 29. Nd4 Qh4 30. Re2 Rce8 31. Qe4 Nf3 32. Qxg4 Nh2+ 0-1

[Event "4NCL 2011-12"]
[Site "Sunningdale ENG"]
[Date "2012.02.11"]
[Round "5.25"]
[White "Swindells, Jonathan E"]
[Black "Webb, Laurence E"]
[Result "0-1"]
[BlackTitle "FM"]
[WhiteElo "2178"]
[BlackElo "2283"]
[WhiteTeam "The AD's"]
[BlackTeam "Blackthorne Russia"]
[WhiteFideId "421863"]
[BlackFideId "402389"]
[EventDate "2011.11.12"]

1. e4 e6 2. d3 d5 3. Nd2 Nf6 4. g3 Nc6 5. Bg2 dxe4 6. dxe4 e5 7. Ngf3 Bc5 8. O-O
O-O 9. Qe2 b6 10. Nb3 Bd6 11. Rd1 a5 12. Be3 a4 13. Nbd2 Ba6 14. c4 Ng4 15. Nf1
Na5 16. Nh4 Nxe3 17. Nxe3 g6 18. Rac1 Nc6 19. Nf3 Kg7 20. h4 h6 21. h5 Bc8 22.
Qd2 Be6 23. Nd5 Bc5 24. Qc3 Bxd5 25. Rxd5 Qf6 26. a3 Rad8 27. Rcd1 Nd4 28. Kf1
c6 29. Rxd8 Rxd8 30. Nxd4 Bxd4 31. Qc2 Bxf2 32. Rxd8 Bxg3+ 33. Kg1 Qxd8 34. hxg6
fxg6 35. Qxa4 Qd4+ 36. Kh1 Qd2 37. Qa7+ Kf6 38. Qxb6 Kg5 39. Qc5 Qf4 40. Qg1
Qh4+ 0-1